| 000 | 00866nam a2200169 a 4500 | ||
|---|---|---|---|
| 001 | 000030550 | ||
| 005 | 20240229073937.0 | ||
| 008 | 110523s1959 dr c r 000 | spa d | ||
| 040 |
_aDO-SdBNP _bspa _cBNPHU |
||
| 082 |
_axxxx _bxxxx |
||
| 100 | 1 |
_aTrujillo Molina, Rafael Leónidas, _d 1891-1961 _976764 |
|
| 245 | 1 | 0 |
_aDiscurso pronunciado por el generalísimo doctor Rafael Leónidas Trujillo Molina benefactor de la patria y padre de la patria nueva, en la inauguración del moderno hospital "Dr. Miguel Brioso Bustillos" en la Base Aérea "Presidente Trujillo", de San Isidro, el día 28 de diciembre de 1958 / _cRafael Leónidas Trujillo Molina. |
| 260 |
_aCiudad Trujillo, República Dominicana : _bEditora del Caribe, _c1959. |
||
| 300 |
_a12 p. : _bretr. ; _c23 cm. |
||
| 650 | 4 |
_aDiscursos presidenciales _910061 |
|
| 651 | 4 |
_aRepública Dominicana _xHistoria _9170 |
|
| 999 |
_c30042 _d30042 |
||